000 00282nam a22001337a 4500
008 180926b xxu||||| |||| 00| 0 eng d
020 _a9780077274313
041 _aeng
080 _210th
_a541
100 _a12
101 _akim
245 _achemistry
_cchang.r
942 _2udc
_cBK
999 _c48506
_d48506